书目信息 |
| 题名: |
回味晋朝
|
|
| 作者: | 若木 著 | |
| 分册: | ||
| 出版信息: | 北京 中国三峡出版社 2008 |
|
| 页数: | 263页 | |
| 开本: | 23cm | |
| 丛书名: | 读史丛书 | |
| 单 册: | ||
| 中图分类: | K237.09 | |
| 科图分类: | ||
| 主题词: | 晋代--历史--通俗读物 , 晋代 , 历史 | |
| 电子资源: | ||
| ISBN: | 978-7-80223-386-7 | |
| 000 | 00900nam0 2200277 45 | |
| 001 | 1050816203 | |
| 005 | 20131014145733.75 | |
| 010 | @a978-7-80223-386-7@dCNY29.80 | |
| 100 | @a20100409e20092008em y0chiy50 ea | |
| 101 | 0 | @achi |
| 102 | @aCN@b110000 | |
| 105 | @aab z 000yd | |
| 106 | @ar | |
| 200 | 1 | @a回味晋朝@AHui Wei Jin Chao@e义烈风云@EYi Lie Feng Yun@f若木著@FRuo Mu Zhu |
| 210 | @a北京@c中国三峡出版社@d2008@h2009 | |
| 215 | @a263页@c图,地图@d23cm | |
| 225 | 2 | @a读史丛书@i回味历史系列 |
| 330 | @a本书内容包括:西晋王朝的建立、西晋一统中华、西晋王朝的短暂统治、晋室南迁建东晋、北伐空梦、东晋名流、偏安江南、僵死之躯等。 | |
| 461 | 0 | @1461 0@a读史丛书@i回味历史系列 |
| 606 | 0 | @a晋代@x历史@j通俗读物 |
| 606 | 0 | @a晋代 |
| 606 | 0 | @a历史 |
| 690 | @aK237.09@v4 | |
| 701 | 0 | @a若木@ARuo Mu@g(历史)@4著 |
| 801 | 0 | @aCN@bTANGWEI@c20100419 |
| 905 | @b0590806-07@dK237.09@e49@f2 | |
| 回味晋朝:义烈风云/若木著.-北京:中国三峡出版社,2008(2009) |
| 263页:图,地图;23cm.-(读史丛书.回味历史系列) |
| ISBN 978-7-80223-386-7:CNY29.80 |
| 本书内容包括:西晋王朝的建立、西晋一统中华、西晋王朝的短暂统治、晋室南迁建东晋、北伐空梦、东晋名流、偏安江南、僵死之躯等。 |
| ● |
| 相关链接 |
|
|
|
|
正题名:回味晋朝
索取号:K237.09/49
 
预约/预借
| 序号 | 登录号 | 条形码 | 馆藏地/架位号 | 状态 | 备注 |
| 1 | 0590806 | 205908062 | 第二样本阅览室/ [索取号:K237.09/49] | 在馆 | |
| 2 | 0590807 | 205908071 | 第二借阅区/ [索取号:K237.09/49] | 在馆 |